Statistiche per Forme di Stati che Rivelano Forme di Stati #2

Clicka qui per fare il quiz!

Statistiche generali

  • Questo quiz è stato fatto 1.090 volte
  • Il punteggio medio è 15 su 21

Risposte nella Mappa

Le risposte nella mappa del quiz sottostante sono codificate secondo una scala di colori dal rosso al verde in base alla % di persone che hanno risposto correttamente.
 

Statistiche sulle risposte

Risposte% Corretto
Cile
97%
Italia
97%
Spagna
95%
Islanda
93%
Messico
93%
Marocco
91%
Turchia
89%
Vietnam
87%
Ucraina
80%
Papua Nuova Guinea
78%
Namibia
72%
Rep. Dem. Congo
68%
Angola
66%
Gambia
62%
Taiwan
62%
Svizzera
58%
Siria
47%
Gabon
42%
Antigua e Barbuda
34%
Singapore
34%
Samoa
32%

Distribuzione punteggi

Percentile per numero di risposta

Percentuale di utenti per punteggio

I tuoi punteggi nel tempo

Non hai fatto questo quiz